|
|
|
|
| LEADER |
00000nab a2200000 a 4500 |
| 001 |
vtls000276272 |
| 003 |
SK-MaSNL |
| 005 |
20260304073017.0 |
| 008 |
250423c1987 xo 0 slo |
| 015 |
|
|
|a SNBRB19rr/mm-uuuuu
|
| 035 |
|
|
|a CL0286386
|
| 035 |
|
|
|a urn:nbn:sk:snk-abbguo
|
| 035 |
|
|
|a (urnnbn)urn:nbn:sk:snk:ar-00479o
|
| 035 |
|
|
|a (uuid)d37a4daf-c125-477c-9f0f-5dcafeb27552
|
| 040 |
|
|
|a SNKBUCL
|b slo
|c SNKBUCL
|e AACR2
|
| 041 |
0 |
|
|a slo
|
| 044 |
|
|
|a xo
|c SK
|
| 080 |
|
|
|a 860 (729.3)-3
|2 1981
|
| 100 |
1 |
|
|a Bosch Gavino, Juan
|4 aut
|9 1361386
|
| 245 |
1 |
0 |
|a Indián Manuel Sicuri
|c Juan Bosch Gavino ; Eva Palkovičová
|
| 650 |
0 |
7 |
|a poviedky psychologické
|2 snkbucl
|9 893883
|
| 655 |
|
7 |
|a články z novín a časopisov
|2 snkbucl
|9 267496
|
| 655 |
|
7 |
|a články z odboru literárna veda a krásna literatúra
|2 snkbucl
|9 770045
|
| 700 |
1 |
|
|a Palkovičová, Eva,
|d 1958-
|4 trl
|9 110924
|
| 773 |
0 |
|
|t Revue svetovej literatúry
|g Roč. 23, č. 3 (1987), s. 134-145
|
| 850 |
|
|
|a Slovenská národná knižnica
|
| 852 |
|
|
|a Slovenská národná knižnica
|
| 958 |
|
|
|a article15
|
| 958 |
|
|
|a RK
|
| 958 |
|
|
|a LX
|
| 958 |
|
|
|a OND
|
| 958 |
|
|
|a EUIPO
|
| 999 |
|
|
|c 2769021
|d 2770951
|